000 00781nam a22002777a 4500
001 BR9405743
003 BR-BrBNA
005 20230928094328.0
007 ta
008 230509b bl.||||| |||| 00| 0 por d
040 _aBR-BrBNA
_bpor
_cBiblioteca Nacional de Agricultura
041 _a(Por)
072 _aE20; E21
_b9538
090 _ 9538 BR9405743
100 1 _aAlencar, M.H.
110 1 _aComissao Executiva do Plano da Lavoura Cacaueira, Brasilia, DF (Brasil)
245 1 _aAnalise organizacional do OPALMA-Oleo de Palma S.A.
260 3 _aBrasilia, DF (Brasil):
_c1982.
300 _a104 p.
650 _aDende
650 _aOleo
650 _aIndustria Agricola
650 _aAdministracao de Empresa
909 _a202309
_bLucia
_c55
_dLucia Elande
942 _cBK
999 _c50094
_d50094